000 00493nam a2200121 a 4500
008 100617s1982 ||||||||||||||||| || u
050 _aPAPERS/STAFF
100 _aSizer, John
245 1 0 _aInstitutional performance assessment under conditions of changing needs
260 _aUK
_bUniversity of Technology
_c1982
350 _a0.00
995 _D0.00
_FCBU-MAIN LIBRARY (Kitwe)
_H1
_I0.00
_M1
_UAVAILABLE
_WJun 17, 2010
_ZUniversity Collection
999 _c47078
_d47078